LEADER 01337nam 2200457zu 450 001 9910798168803321 005 20230120045424.0 010 $a0-7486-8762-9 035 $a(CKB)3710000000607446 035 $a(SSID)ssj0001600519 035 $a(PQKBManifestationID)16308483 035 $a(PQKBTitleCode)TC0001600519 035 $a(PQKBWorkID)14573239 035 $a(PQKB)10662968 035 $a(MiAaPQ)EBC6994691 035 $a(EXLCZ)993710000000607446 100 $a20160829d2007 uy 101 0 $aeng 181 $ctxt 182 $cc 183 $acr 200 10$aBell's introduction to the Qur'an 210 31$a[Place of publication not identified]$cEdinburgh University Press$d2007 225 0 $aIslamic surveys Bell's introduction to the Qur'an 300 $aBibliographic Level Mode of Issuance: Monograph 311 $a0-7486-0597-5 606 $aIslam$2HILCC 606 $aReligion$2HILCC 606 $aPhilosophy & Religion$2HILCC 615 7$aIslam 615 7$aReligion 615 7$aPhilosophy & Religion 676 $a297.122 700 $aBell$b Richard$0653954 702 $aWatt$b W. Montgomery 702 $aWatt$b W. Montgomery 801 0$bPQKB 906 $aBOOK 912 $a9910798168803321 996 $aBell's introduction to the Qur'an$93854921 997 $aUNINA LEADER 02588nam 22004933 450 001 9910154636303321 005 20250410103840.0 010 $a9781524760502$b(electronic bk.) 010 $a1524760501$b(electronic bk.) 035 $a(CKB)3710000000971599 035 $a(MiAaPQ)EBC6043416 035 $a(Au-PeEL)EBL6043416 035 $a(OCoLC)1156238344 035 $a(BIP)57437011 035 $a(BIP)47233765 035 $a(EXLCZ)993710000000971599 100 $a20210901d20161997 uy 0 101 0 $aeng 135 $aurcnu|||||||| 181 $ctxt$2rdacontent 182 $cc$2rdamedia 183 $acr$2rdacarrier 200 10$aChronic candidiasis $eyour natural guide to healing with diet, vitamins, minerals, herbs, exercise, and other natural methods /$fMichael T. Murray 210 1$aNew York, NY :$cThree Rivers Press,$d[2016] 210 4$dİ1997. 215 $a1 online resource (128 pages) 225 1 $aGetting well naturally series 311 08$a9780761508212 311 08$a076150821X 330 $aStop Candida Yeast Infections--Naturally! Are you one of the millions of people affected by chronic candidiasis--the yeast syndrome? Often mistaken for other maladies, the yeast syndrome can lead to headaches, sore muscles, general fatigue, low resistance to colds and viruses, and other problems in both men and women. Of the two most common prescription treatments, one can inflict severe liver damage and the other is safe but of only limited effectiveness. Fortunately, there are potent natural alternatives. They're clearly explained here by Dr. Michael T. Murray, co-author of the bestselling Encyclopedia of Natural Medicine . You will learn how to: * Determine if you suffer from candida yeast syndrome * Follow Dr. Murray's seven step program for combating candidiasis * Adjust you daily diet to control candida growth * Supplement your meals with nourishing vitamins, minerals, and antioxidants * Strengthen your immune system to help resist candidiasis and many other invasive disorders * And much more! Discover how to overcome yeast syndrome and keep it from coming back--naturally! 410 0$aGetting well naturally series 606 $aCandidiasis$xAlternative treatment 606 $aNaturopathy 615 0$aCandidiasis$xAlternative treatment. 615 0$aNaturopathy. 676 $a616.9/69 700 $aMurray$b Michael T$0319327 801 0$bMiAaPQ 801 1$bMiAaPQ 801 2$bMiAaPQ 906 $aBOOK 912 $a9910154636303321 996 $aChronic Candidiasis$92867013 997 $aUNINA LEADER 03508nam 22008295 450 001 9910299252803321 005 20251226203952.0 010 $a3-662-45815-2 024 7 $a10.1007/978-3-662-45815-0 035 $a(CKB)3710000000360425 035 $a(SSID)ssj0001451985 035 $a(PQKBManifestationID)11835735 035 $a(PQKBTitleCode)TC0001451985 035 $a(PQKBWorkID)11479106 035 $a(PQKB)10483479 035 $a(DE-He213)978-3-662-45815-0 035 $a(MiAaPQ)EBC5586065 035 $a(PPN)184498864 035 $a(EXLCZ)993710000000360425 100 $a20150226d2015 u| 0 101 0 $aeng 135 $aurnn#008mamaa 181 $ctxt 182 $cc 183 $acr 200 10$aComputer Engineering and Technology $e18th CCF Conference, NCCET 2014, Guiyang, China, July 29 -- August 1, 2014. Revised Selected Papers /$fedited by Weixia Xu, Liquan Xiao, Jinwen Li, Chengyi Zhang, Zhenzhen Zhu 205 $a1st ed. 2015. 210 1$aBerlin, Heidelberg :$cSpringer Berlin Heidelberg :$cImprint: Springer,$d2015. 215 $a1 online resource (XII, 188 p. 110 illus.) 225 1 $aCommunications in Computer and Information Science,$x1865-0937 ;$v491 300 $aBibliographic Level Mode of Issuance: Monograph 311 08$a3-662-45814-4 327 $aProcessor architecture -- Computer application and software optimization -- Technology on the horizon. 330 $aThis book constitutes the refereed proceedings of the 18th National Conference on Computer Engineering and Technology, NCCET 2014, held in Guiyang, China, during July/August 2014. The 18 papers presented were carefully reviewed and selected from 85 submissions. They are organized in topical sections on processor architecture; computer application and software optimization; technology on the horizon. 410 0$aCommunications in Computer and Information Science,$x1865-0937 ;$v491 606 $aMicroprocessors 606 $aComputer architecture 606 $aComputer arithmetic and logic units 606 $aComputer storage devices 606 $aMemory management (Computer science) 606 $aLogic design 606 $aComputers 606 $aProcessor Architectures 606 $aArithmetic and Logic Structures 606 $aComputer Memory Structure 606 $aLogic Design 606 $aHardware Performance and Reliability 615 0$aMicroprocessors. 615 0$aComputer architecture. 615 0$aComputer arithmetic and logic units. 615 0$aComputer storage devices. 615 0$aMemory management (Computer science) 615 0$aLogic design. 615 0$aComputers. 615 14$aProcessor Architectures. 615 24$aArithmetic and Logic Structures. 615 24$aComputer Memory Structure. 615 24$aLogic Design. 615 24$aHardware Performance and Reliability. 676 $a004.16 702 $aXu$b Weixia$4edt$4http://id.loc.gov/vocabulary/relators/edt 702 $aXiao$b Liquan$4edt$4http://id.loc.gov/vocabulary/relators/edt 702 $aLi$b Jinwen$4edt$4http://id.loc.gov/vocabulary/relators/edt 702 $aZhang$b Chengyi$4edt$4http://id.loc.gov/vocabulary/relators/edt 702 $aZhu$b Zhenzhen$4edt$4http://id.loc.gov/vocabulary/relators/edt 801 0$bMiAaPQ 801 1$bMiAaPQ 801 2$bMiAaPQ 906 $aBOOK 912 $a9910299252803321 996 $aComputer Engineering and Technology$91939209 997 $aUNINA